00460nam a2200181Ia 4500008004100000020001800041245002300059245004600082260001500128260002200143260000900165300001500174300002500189300001000214440002700224500000800251999001900259170705s9999 xx 000 0 und d a9780531266502 4aThe best mud pie / cLin Quinn ; illustrated by Ronnie Rooney. aNew York : bChildren's Press, c2011 a40 pages : bcolor illustration ; c15cm. aRookie ready to learn. a200 c335451d335451